000 00672nam a2200241Ia 4500
003 OSt
005 20220918212253.0
006 a|||||r|||| 00| 0
007 ta
008 220917b |||||||| |||| 00| 0 eng d
024 _a128,128
037 _cTextual
040 _aARTS
_cARTS
_beng
041 _2eng
_aeng
082 _aX.1(Y1:41).N7, K1
100 _aBauer Peter T
245 0 _aEconomic analysis and policy in underdeveloped countries
260 _c1961
490 _aDuke university commonwealth studies center publications; 4
650 _aECONOMICS
942 _hX.1(Y1:41).N7, K1
_cTEXL
_2CC
999 _c251266
_d251266